Регионална библиотека "Любен Каравелов" - Русе

Приключенията на доктор Томсън и неговите приятели животните (Запис номер 190341)

MARC детайли
000 -Лидер
Контролно поле с фиксирана дължина 01936nam a2200421 c 4500
003 - Код на организацията, давaща контролен номер
Контролно поле BLK
005 - Дата и час на последна редакция
Контролно поле 20241130122151.0
008 - Елементи от данни с фиксирана дължина
fixed length control field 180411b bul|||||r ||||||| ||bul||
010 ## - Наследен системен номер
LC control number KNG00199476000
020 ## - Международен стандартен номер на книга ISBN
Международен стандартен номер на книга ISBN 978-619-199-216-4
020 ## - Международен стандартен номер на книга ISBN
Международен стандартен номер на книга ISBN 3800083820680
040 ## - Източник на каталожния запис
Идентификатор на билиотеката - собственик на записа BLK
041 ## - Код за език
Код за езика на текст/звукозапис или на отделно заглавие Български
Код за езика КДБФ Български
072 #7 - Код за тематичната категория
Код организация bullib
Код за тематична категория Н85
Текст Детска художествена литература Н
080 ## - УДК
Текстов определител УДК Италианска литература
УДК код - определител по УДК 821.131.1
УДК определител -93-34
УДК - код + определител 821.131.1-93-34
100 1# - Редна дума - Автор
Автор Чабатини, Джулиана
Авторска отговорност първи автор
R(LIN) 140594
139 ## - Редно поле
Редна дума Чабатини, Джулиана
Авторски знак Ча - Ч 12
245 10 - Сведения за заглавието
Заглавие Приключенията на доктор Томсън и неговите приятели животните
Подзаглавни данни Един специален болен и други приказки
Редно поле (дума) Джулиана Чабатини; худож. Марко Кампанела; по идея на Андреа Дами; прев. Евдокия Светозарова Златарова.
257 ## - Страна на издаване
Страна на създаване/издаване Италия
260 ## - Област на издателските данни
Име на издателя, разпространителя и проч. Фют
Година на издаване 2017
Място на издаване, разпространение и проч. София
300 ## - Физическа характеристика
Страници 31 с.
Илюстрации и др. с цв. ил.
Размери/Мащаб 25 см
380 ## - Жанр
Жанр Детска худож. лит.
500 ## - Общи забележки
Забележка Ориг. загл. Le Avventure del Dottor Thompson e i suioi amici animali. Un malato speciale... e altre storie / Giuliana Ciabattini.
653 ## - Ключова дума – ненормативна
Ключова дума приказки
653 ## - Ключова дума – ненормативна
Ключова дума литература за деца
653 ## - Ключова дума – ненормативна
Ключова дума детска литература
659 ## - Тематичен бюлетин
Тематичен бюлетин Н
700 1# - Други автори (авторска отговорност)
Лично име Кампанела, Марко
Автороска отговорност (Описва отношението между автора и произведението) худож.
9 (RLIN) 384782
700 1# - Други автори (авторска отговорност)
Лично име Дами, Андреа
Автороска отговорност (Описва отношението между автора и произведението) по идея на
9 (RLIN) 299293
700 ## - Други автори (авторска отговорност)
Лично име Златарова, Евдокия Светозарова
Дати, свързани с автора 1969 -
9 (RLIN) 248093
852 ## - Местоположение
Форматна сигнатура Цб 284168
856 4# - Електронен адрес и достъп
Електронен формат pdf - файл
856 4# - Електронен адрес и достъп
Електронен формат pdf - файл
999 ## - СИСТЕМНИ КОНТРОЛНИ НОМЕРА
Koha biblionumber 190341
Koha biblioitemnumber 190341
942 ## - АРТИКУЛИ
Вид на библиотечния материал Книги
Скрит в OPAC Не
Koha issues (borrowed), all copies 36
Периодичен библиозапис Да
944 ## - СЪЗДАВАНЕ И РЕДАКЦИЯ на ЗАПИСА
Създаване/Редакция Създаване
Дата на регистрацията/редакция 27.01.2017
Статус, дата на статуса Бояна Костадинова
Служител, извършил регистрацията/редакцията 30551
944 ## - СЪЗДАВАНЕ И РЕДАКЦИЯ на ЗАПИСА
Създаване/Редакция Редакция
Дата на регистрацията/редакция 22.11.2017
Статус, дата на статуса ф /
Служител, извършил регистрацията/редакцията Пенка_Димитрова
999 ## - СИСТЕМНИ КОНТРОЛНИ НОМЕРА
Koha biblioitemnumber 190341
Наличности
Код за отписване Код за изгубен артикул Код за повреда Коз за рестрикции Код за отдаване Артикулен № Име на библиотеката - собственик Име на библиотеката, в която се намира в момента Статус (Текущо местоположение) Дата на вписване в системата Местоположение - отдел Цена в лева Инвентарен номер Систематично азбучна сигнатура Баркод Номер на екземпляра Цена в евро Служебна бележка Служебен тип на артикула Източник на класификационната схема
  Не е изгубен Не е повреден без рестрикции заемане за дома 334895 Регионална библиотека "Любен Каравелов" Русе Регионална библиотека "Любен Каравелов" Русе Детски отдел 2017-01-27 Детски отдел 4.50 120000808035 ДХ 820/899/Ч 12 120000808035 1 2.30 Дост: Pk Вид: Ф N: 481 Дата: 27.01.2017 Книги  
  Не е изгубен Не е повреден без рестрикции ползва се в читалня 334896 Регионална библиотека "Любен Каравелов" Русе Регионална библиотека "Любен Каравелов" Русе Хранилище 2017-11-21 Хранилище 4.50 120000817152 Цб 284168 120000817152 2 2.30 Дост: Dp Вид: Д N: 42 Дата: 20.09.2017 Книги  
  Не е изгубен Не е повреден без рестрикции заемане за дома 900528 Регионална библиотека "Любен Каравелов" Русе Регионална библиотека "Любен Каравелов" Русе Детски отдел 2022-08-17 Детски отдел 4.50   821-93/Ч 12 Д 120000874347   2.30   Книги Universal Decimal Classification
Vip Innovations Ltd, Rousse, Bulgaria 2025